000 00288nam a2200109Ia 4500
001 1263270
005 20260417141901.0
008 260417s9999 xx 000 0 und d
020 _a9786051853352
245 0 _aEskici ve Oğulları (Midi Boy)
_cOrhan Kemal
260 _bEverest Yayınları
999 _c1263270
_d1263270